000 00552nam a2200229Ia 4500
003 OSt
005 20220924151011.0
006 a|||||r|||| 00| 0
007 ta
008 220923b |||||||| |||| 00| 0 tel d
024 _a335600
037 _cTextual
040 _aARTS
_cARTS
_btel
041 _2tel
_atel
082 _aO35,3NGA44x, M5
100 _aGangappa
245 0 _aTirina bhayam
260 _c1985
650 _aTELUGU FICTION
942 _hO35,3NGA44x, M5
_cTEXL
_2CC
999 _c465245
_d465245